02469cam a22002298i 4500999001700000020004300017041000900060082002000069100002700089245008700116260003000203300001500233504005100248505034300299520131900642546001301961650004701974650003802021650003802059942001202097952013002109 c38026d38026 a9789353281915 (hardcover : alk. paper) aeng-00a155.9042bNAY-A1 aNayar, Mahimaeauthor.10aAgainst all odds :bpsychosocial distress and healing among women /cMahima Nayar. aNew Delhi :bSAGE,c2019. axiv, 256p. aIncludes bibliographical references and index.0 aIntroduction: so what is abnormal? -- Culture, context and distress -- Finding a way through the labyrinth -- Deconstructing madness : possession and pains -- Women, social structure and distress -- Learning to live alone : paisa, bimari aur jinn -- Conclusion: pathways to health and healing -- Bibliography -- Index -- About the author. aAgainst All Odds: Psychosocial Distress and Healing among Women uses vivid ethnographic narratives to study linkages between socio-economic conditions and the mental health of women living in low-income neighbourhoods of big cities. After presenting anthropological insights related to the understanding of madness, mental health and mental illness, the author illustrates how the social position of women and factors inherent in urbanism have an impact on the level of psychosocial distress they experience. The book further explores the increasing medicalization of social problems whereby instead of actual problems being addressed, women get ′treated′. Nayar also takes stock of the different kinds of local ‘healing’ processes sought by women, and examines how the women’s movement and cultural ways of healing have helped women in reducing the distress and violence in their everyday lives. Drawing from the author’s ethnographic research in Delhi, the book offers a vital exploration of the interactions between individuals and systems, and argues that an equitable society is what is required to reduce psychosocial distress. This timely book that cuts across disciplinary locations will be of interest to scholars of gender studies, psychology and psychotherapy, social work and anthropology. aEnglish. 0aStress (Psychology)zDeveloping countries. 0aPoor womenzDeveloping countries. 0aUrban poorzDeveloping countries. 2ddccBK 00104070aNASSDOCbNASSDOCd2023-03-16eOverseasg0.00l0o155.9042 NAY-Ap52941r2023-05-24 00:00:00v0.00w2023-05-24yBK